| 000 | 01094nmm a2200265 a 4500 | ||
|---|---|---|---|
| 001 | ocm000779957 | ||
| 003 | TR-IsHL | ||
| 005 | 20201028155500.0 | ||
| 008 | 130508s2008 tu tur | ||
| 007 | cr cn | ||
| 020 | _a9786055884031 | ||
| 035 |
_a779957 _b(N$T) |
||
| 050 | 0 | 4 |
_aHF5686.P93 _bK37 2008 |
| 090 | 0 | 4 |
_aHF5686.P93 _bK37 2008 |
| 100 | 1 | _aKaraarslan, Erkan | |
| 245 | 1 | 0 |
_aTüm yönleriyle anaokulları ve ana sınıfları muhasebesi ile kamu kurum ve kuruluşlarınca işletilen eğitim ve dinlenme tesisi misafirhane - otel kamp, kreş ve kantin spor tesisi ve diğer tesisler muhasebesi _h[electronic resource] / _cErkan Karaarslan |
| 260 |
_aAnkara : _bOkutman Yayıncılık, _c2008 |
||
| 300 | _a320 p. | ||
| 650 | 4 | _aEkonomi ve Finans | |
| 650 | 4 | _aEconomics and Finance | |
| 650 | 0 |
_aKamu hizmet kurumları _x Türkiye _x Muhasebe |
|
| 650 | 0 |
_aPublic utilities _x Turkey _x Accounting |
|
| 650 | 7 |
_aBUSINESS & ECONOMICS / Accounting / General _2bisacsh |
|
| 856 | 4 | 0 | _uhttp://search.ebscohost.com/login.aspx?direct=true&scope=site&db=e011xww&AN=779957 |
| 999 |
_c13104 _d13104 |
||